Las reglas en juego: algunas relaciones entre filosofía y literatura
Guardado en:
| Format: | Bog |
|---|---|
| Sprog: | Undetermined |
| Udgivet: |
San José, Costa Rica
Ediciones Perro Azul
2003
|
| Fag: | |
| Tags: |
Tilføj Tag
Ingen Tags, Vær først til at tagge denne postø!
|
MARC
| LEADER | 00000nam a2200000Ia 4500 | ||
|---|---|---|---|
| 008 | 170316s9999 xx 000 0 und d | ||
| 090 | |a 100 R-11.3r | ||
| 245 | |a Las reglas en juego: algunas relaciones entre filosofía y literatura | ||
| 260 | |a San José, Costa Rica | ||
| 260 | |b Ediciones Perro Azul | ||
| 260 | |c 2003 | ||
| 300 | |a 372 páginas | ||
| 650 | |a FILOSOFÍA | ||
| 650 | |a FILOSOFÍA EN LA LITERATURA | ||
| 650 | |a LA ESCRITURA | ||
| 650 | |a EL DISCURSO | ||
| 999 | |c 17399 |d 17399 | ||
| 040 | |a cru BVZT | ||
| 942 | |c 15 D |h 100 R-11.3r |2 z | ||
